000 00215nam a22000857a 4500
008 170127b xxu||||| |||| 00| 0 eng d
100 _92599
_aTayal.B.B.etal.
245 _aSocial Science-8
260 _aNew Delhi
_bArya
_c2008
999 _c5737
_d5737